Curso de derecho tributario Chileno. Parte general y especial.
Tallennettuna:
| Päätekijä: | |
|---|---|
| Aineistotyyppi: | Tuntematon |
| Julkaistu: |
Santiago, Chile:
Thomson Reuters,
2022.
|
| Painos: | 2ª edición. |
| Sarja: | Monografías
|
| Aiheet: | |
| Tagit: |
Lisää tagi
Ei tageja, Lisää ensimmäinen tagi!
|
MARC
| LEADER | 00000 a2200000 4500 | ||
|---|---|---|---|
| 003 | CL-VaPUC | ||
| 005 | 20241121121329.0 | ||
| 008 | 220923t2022 ||||| |||| 00| 0 eng d | ||
| 999 | |c 438934 |d 438932 | ||
| 020 | |a 978-956-400-289-7 | ||
| 040 | |c Pontificia Universidad Católica de Valparaíso | ||
| 082 | |a 343.8304 MAT 2022 | ||
| 100 | |a Matus Fuentes, Marcelo |9 605810 |e autor | ||
| 245 | |a Curso de derecho tributario Chileno. |b Parte general y especial. | ||
| 250 | |a 2ª edición. | ||
| 260 | |a Santiago, Chile: |b Thomson Reuters, |c 2022. | ||
| 300 | |a 437 páginas. | ||
| 490 | |a Monografías | ||
| 583 | |k Catalogador Asistente |c 20220923 | ||
| 650 | 0 | |a Derecho tributario chileno |9 485061 | |
| 650 | |a Código tributario |9 350428 |z Chile | ||
| 942 | |2 ddc |c BK | ||
| 952 | |0 0 |1 0 |2 ddc |4 0 |6 343_830400000000000_MAT_2022 |7 0 |8 A |9 586829 |a BIBDER |b BIBDER |c GEN |d 2022-09-23 |e 31 |g 0.00 |i 5654798 |l 8 |m 8 |o 343.8304 MAT 2022 |p 5654798 |r 2024-06-24 |s 2024-05-24 |t 1 |v 0.00 |w 2022-09-23 |y BK |k DER | ||